ՀՀ Գիտությունների ազգային ակադեմիայի հիմնարար գիտական գրադարան  =   Fundamental Scientific Library of NAS RA

Демократизация воинской жизни : (Record no. 141270)

MARC details
000 -LEADER
fixed length control field 00925nam a2200229 u 4500
001 - CONTROL NUMBER
control field 000369561
003 - CONTROL NUMBER IDENTIFIER
control field AM-YeHGA
005 - DATE AND TIME OF LATEST TRANSACTION
control field 20250617131848.0
008 - FIXED-LENGTH DATA ELEMENTS--GENERAL INFORMATION
fixed length control field 041014s1990 ||| r 000 0 rus d
020 ## - INTERNATIONAL STANDARD BOOK NUMBER
International Standard Book Number 5203010536
040 ## - CATALOGING SOURCE
Original cataloging agency AM-YeHGA
041 0# - LANGUAGE CODE
Language code of text/sound track or separate title rus
090 ## - LOCALLY ASSIGNED LC-TYPE CALL NUMBER (OCLC); LOCAL CALL NUMBER (RLIN)
-- 142650
100 1# - MAIN ENTRY--PERSONAL NAME
Personal name Шахов, Александр Николаевич
245 10 - TITLE STATEMENT
Title Демократизация воинской жизни :
Remainder of title Вопр. и ответы /
Statement of responsibility, etc. А.Н. Шахов, М.Н. Шахов; Ред.: О.А. Бобраков.
260 ## - PUBLICATION, DISTRIBUTION, ETC.
Place of publication, distribution, etc. Москва :
Name of publisher, distributor, etc. Воениздат,
Date of publication, distribution, etc. 1990.
300 ## - PHYSICAL DESCRIPTION
Extent 143 с.
653 0# - INDEX TERM--UNCONTROLLED
Uncontrolled term Воинский коллектив - Социально-психологические проблемы
653 0# - INDEX TERM--UNCONTROLLED
Uncontrolled term Социалистическая демократия в СССР
700 1# - ADDED ENTRY--PERSONAL NAME
Personal name Шахов, Михаил Николаевич
700 1# - ADDED ENTRY--PERSONAL NAME
Personal name Бобраков, О.А.
Relator term ред.
Relationship edt
Holdings
Withdrawn status Lost status Damaged status Not for loan Collection Home library Current library Date acquired Total checkouts Full call number Barcode Date last seen Price effective from Koha item type Public note
        General Fundamental Scientific Library Fundamental Scientific Library 22/12/2016   355(47+57) 120625636 22/12/2016 22/12/2016 Գրքեր / Books 30 Days Loan


ՀՀ ԳԱԱ հիմնարար գիտական գրադարան
ՀՀ,Երևան 0019
Մարշալ Բաղրամյան 24/6
հեռախոս:(374-10) 52-47-50
Հետադարձ կապ

All site content, except where otherwise noted, is licensed under a
Creative Commons License